American players in European Big Five (2000-) - Statistics

General Stats
  • This quiz has been taken 50 times
  • The average score is 27 of 120
Answer Stats
Ranking Player Positions Nationality Matches Goals (assists) Periods Clubs % Correct
5 Christian Pulisic DF, MF, FW 258 56 (42) 2015-2025
98%
2 Tim Howard GK 399 1 (3) 2003-2016
93%
7 Weston McKennie DF, MF, FW 230 15 (19) 2016-2025
90%
28 Claudio Reyna MF 105 7 (4) 2001-2007
88%
24 Gio Reyna MF, FW 115 15 (10) 2019-2025
88%
55 Landon Donovan MF, FW 30 2 (6) 2004-2005, 2008-2009, 2011-2012
86%
16 Timothy Weah DF, MF, FW 154 12 (9) 2017-2025
79%
8 Clint Dempsey MF, FW 218 57 (19) 2006-2014
74%
43 Sergiño Dest DF, FW 59 2 (4) 2020-2023
74%
31 Chris Richards DF, MF 94 3 (4) 2019-2025
69%
20 Antonee Robinson DF 136 0 (17) 2020-2021, 2022-2025
62%
1 Brad Friedel GK 425 1 (0) 2001-2014
62%
6 John Brooks DF 252 14 (5) 2013-2024
62%
21 Tyler Adams DF, MF 130 1 (7) 2018-2025
60%
17 Yunus Musah MF, FW 153 2 (6) 2020-2025
57%
71 Eddie Johnson FW 19 0 (0) 2007-2008, 2009-2011
55%
10 Fabian Johnson DF, MF 208 18 (22) 2009-2020
55%
97 Jemal Johnson MF, FW 6 0 (0) 2004-2006
55%
37 Brenden Aaronson MF, FW 66 3 (5) 2022-2024
52%
12 Jermaine Jones MF 179 9 (12) 2000-2001, 2003-2008, 2010-2014
52%
30 Josh Sargent MF, FW 96 13 (5) 2018-2022
52%
14 Michael Bradley DF, MF 155 13 (7) 2008-2014
52%
78 Paxten Aaronson DF, MF, FW 14 0 (1) 2022-2024
52%
34 Folarin Balogun FW 81 32 (7) 2021-2025
48%
75 Matt Turner GK 17 0 (0) 2023-2024
48%
73 Zack Steffen GK 19 0 (0) 2019-2022
48%
4 Timothy Chandler DF, MF 262 13 (18) 2010-2025
45%
15 Brad Guzan GK 154 0 (1) 2008-2009, 2011-2017
40%
27 DeAndre Yedlin DF, MF 109 2 (5) 2014-2015, 2017-2021
40%
23 Joe Scally DF 121 2 (6) 2021-2025
36%
58 Julian Green MF, FW 29 0 (0) 2014-2015, 2021-2022
36%
29 Tim Ream DF 97 2 (1) 2011-2012, 2018-2019, 2020-2021, 2022-2024
36%
35 Jozy Altidore FW 79 3 (4) 2008-2010, 2013-2015
31%
33 Danny Williams DF, MF 84 1 (1) 2009-2012, 2017-2019
29%
117 Johann Smith DF, FW 1 0 (0) 2006-2007
29%
102 Malik Tillman MF, FW 4 0 (0) 2021-2022
29%
111 Justin Che DF, FW 2 0 (0) 2021-2022
26%
3 Steve Cherundolo DF 302 6 (14) 2002-2014
26%
36 Bobby Wood MF, FW 72 10 (3) 2016-2019
24%
67 DaMarcus Beasley DF, FW 22 3 (1) 2006-2007, 2010-2011
24%
11 Kasey Keller GK 203 0 (1) 2000-2008
24%
62 Matthew Hoppe MF, FW 27 6 (2) 2020-2022
24%
68 Matt Miazga DF 21 0 (0) 2015-2016, 2018-2019, 2021-2022
24%
39 Gianluca Busio MF 62 3 (1) 2021-2022, 2024-2025
21%
76 Konrad De La Fuente MF, FW 16 0 (2) 2021-2022
21%
77 Ricardo Pepi MF, FW 15 0 (0) 2021-2023
21%
18 Brian McBride FW 148 36 (9) 2002-2008
19%
13 Geoff Cameron DF, MF 168 2 (5) 2012-2018
19%
41 Luca de la Torre MF, FW 60 1 (6) 2022-2025
19%
9 Carlos Bocanegra DF 214 12 (2) 2003-2012
17%
48 Johnny Cardoso MF 45 4 (3) 2023-2025
17%
45 Kevin Paredes MF, FW 54 4 (4) 2021-2025
17%
46 Lennard Maloney MF 47 1 (1) 2021-2022, 2023-2025
17%
83 Charlie Davies FW 10 2 (0) 2009-2010, 2011-2012
14%
100 Cole Campbell MF, FW 4 0 (0) 2024-2025
14%
49 Tanner Tessmann MF 45 1 (0) 2021-2022, 2024-2025
14%
26 Alfredo Morales DF, MF 109 4 (5) 2011-2012, 2015-2016, 2018-2020
12%
59 Aron Jóhannsson MF, FW 28 4 (1) 2015-2019
10%
52 Auston Trusty DF 32 0 (0) 2023-2024
10%
51 Joe-Max Moore FW 37 2 (1) 2000-2002
10%
81 John Tolkin DF, MF 11 0 (2) 2024-2025
10%
22 Jonathan Spector DF, MF 124 1 (1) 2004-2011
10%
99 Shaq Moore DF 6 0 (0) 2017-2018
10%
70 Benny Feilhaber MF 19 0 (0) 2006-2008
7%
94 Bryan Reynolds DF 6 0 (0) 2020-2022
7%
84 Damion Downs MF, FW 10 2 (0) 2023-2024
7%
54 Jay DeMerit DF 32 2 (0) 2006-2007
7%
19 Jordan Pefok FW 137 16 (13) 2014-2015, 2018-2019, 2022-2025
7%
80 Oguchi Onyewu DF 12 0 (0) 2006-2007, 2012-2013
7%
32 Alejandro Bedoya MF, FW 87 11 (4) 2013-2016
5%
104 Brek Shea DF, FW 3 0 (0) 2012-2014
5%
53 Eric Lichaj DF 32 1 (2) 2010-2013
5%
65 Gregg Berhalter DF 23 0 (1) 2002-2003
5%
91 Haji Wright FW 7 1 (0) 2018-2019
5%
92 James Sands DF, MF 7 0 (0) 2024-2025
5%
82 Lynden Gooch DF, FW 11 0 (0) 2016-2017
5%
25 Marcus Hahnemann GK 115 0 (0) 2006-2007, 2009-2011
5%
56 Mark McKenzie DF 30 1 (1) 2024-2025
5%
98 Owen Otasowie MF, FW 6 0 (1) 2020-2021
5%
61 Stuart Holden MF 28 2 (2) 2009-2011
5%
57 Bobby Convey MF, FW 29 0 (5) 2006-2008
2%
95 Caleb Stanko DF 6 0 (0) 2017-2018
2%
96 Caleb Wiley DF, MF 6 0 (1) 2024-2025
2%
69 Clint Mathis MF, FW 20 5 (2) 2003-2005
2%
115 David Yelldell GK 1 0 (0) 2015-2016
2%
64 Eddie Lewis MF 25 0 (1) 2001-2002, 2007-2008
2%
108 Emerson Hyndman MF 2 0 (0) 2017-2019
2%
47 Emmanuel Sabbi MF, FW 45 5 (1) 2023-2025
2%
42 Erik Palmer-Brown DF 59 0 (0) 2021-2023
2%
86 Freddy Adu MF, FW 9 0 (0) 2008-2009
2%
109 Ian Feuer GK 2 0 (0) 2001-2002
2%
101 Indiana Vassilev MF, FW 4 0 (0) 2019-2020
2%
106 Joe Gyau DF, FW 3 0 (0) 2013-2015
2%
66 Jovan Kirovski FW 23 2 (0) 2002-2004
2%
118 Maurice Edu DF, MF 1 0 (0) 2012-2013
2%
60 Nicholas Gioacchini MF, FW 28 0 (2) 2021-2022
2%
88 Noahkai Banks DF 8 0 (0) 2024-2025
2%
79 Ricardo Clark MF 14 0 (0) 2009-2011
2%
74 Zak Whitbread DF 18 0 (1) 2011-2012
2%
90 Andrew Wooten MF, FW 7 1 (0) 2011-2012
0%
114 Bryan Arguez MF 1 0 (0) 2007-2008
0%
50 Conor Casey FW 44 4 (3) 2002-2003, 2004-2007
0%
63 Cory Gibbs DF 25 1 (0) 2001-2002
0%
38 David Regis DF 62 0 (2) 2000-2003
0%
105 Frankie Hejduk DF, MF 3 0 (0) 2000-2001
0%
85 George Bello DF 10 0 (0) 2021-2022
0%
40 Greg Vanney DF 60 0 (2) 2001-2005
0%
72 Heath Pearce DF 19 0 (1) 2007-2008
0%
110 Jerome Kiesewetter MF, FW 2 0 (0) 2014-2015
0%
116 Joel Imasuen FW 1 0 (0) 2023-2024
0%
87 Kamani Hill MF, FW 9 0 (0) 2006-2007
0%
112 Khiry Shelton FW 2 0 (0) 2019-2020
0%
113 Michael Parkhurst DF 2 0 (0) 2012-2013
0%
119 Patrick Leal FW 1 0 (0) 2021-2022
0%
103 Quentin Westberg GK 4 0 (0) 2006-2007, 2011-2012
0%
120 Russell Canouse MF 1 0 (0) 2015-2016
0%
89 Sal Zizzo DF, MF 8 0 (0) 2007-2010
0%
107 Sebastian Soto MF, FW 3 0 (0) 2018-2019
0%
93 Terrence Boyd FW 7 1 (0) 2016-2017
0%
44 Tony Sanneh DF, MF 57 4 (1) 2000-2003
0%
No matching quizzes found
Score Distribution
Percent of People with Each Score
Percentile by Number Answered
Your Score History
You have not taken this quiz